| 000 | 01127nam0a22003011 4500 | ||
|---|---|---|---|
| 001 | RU\NLR\INFOCOMM_116\5000068891 | ||
| 005 | 20250613092721.0 | ||
| 010 |
_930000 экз. _a5-06-001581-5 |
||
| 035 | _a(NLR Aleph) 009172227 | ||
| 090 |
_a8520103 _c8520103 |
||
| 100 | _a20100227d1990 |||y0rusy50 ca | ||
| 101 | 0 |
_afre _irus |
|
| 102 | _aRU | ||
| 105 | _ay ||||000|y | ||
| 200 | 1 |
_aAscenseur pour l'échafaud _e[Récit] _fNoël Calef _g[Предисл. Уварова Юрия Петровича _gКоммент. Лаврентьевой Марины Сергеевны] |
|
| 210 |
_aМ. _cVysšaja škola _d1990 |
||
| 215 |
_a151 с. _d20 см |
||
| 225 | 1 | _aLectures à domicile | |
| 300 | _aВ вып. дан.: Лифт на эшафот : повесть / Калеф Ноэль | ||
| 300 | _aПредисл. и коммент. на рус. яз. | ||
| 686 |
_aШ147.11-93рус.3 _2rubbk |
||
| 700 | 1 |
_4070 _7ba _8fre _aCalef _bN. _f1907-1968 _gNoël _9180317 _3RU\NLR\AUTH\770180368 |
|
| 801 | 1 |
_aRU _bNLR _c20100227 |
|
| 801 | 0 |
_aRU _bNLR _gPSBO |
|
| 852 |
_aNLR _jЯ61 Д-3/679 |
||
| 942 | _cBOOK | ||
| 980 | _aNB | ||